<?xml version="1.0" encoding="UTF-8"?>
<record
    xmlns:xsi="http://www.w3.org/2001/XMLSchema-instance"
    xsi:schemaLocation="http://www.loc.gov/MARC21/slim http://www.loc.gov/standards/marcxml/schema/MARC21slim.xsd"
    xmlns="http://www.loc.gov/MARC21/slim">

  <leader>00391nam a22001697a 4500</leader>
  <controlfield tag="003">OSt</controlfield>
  <controlfield tag="005">20240326104422.0</controlfield>
  <controlfield tag="008">191025b        xxu||||| |||| 00| 0 eng d</controlfield>
  <datafield tag="020" ind1=" " ind2=" ">
    <subfield code="a">978-9350300428</subfield>
  </datafield>
  <datafield tag="040" ind1=" " ind2=" ">
    <subfield code="c">IIMT UNIVERSITY</subfield>
  </datafield>
  <datafield tag="100" ind1=" " ind2=" ">
    <subfield code="a">SINGH R </subfield>
  </datafield>
  <datafield tag="245" ind1=" " ind2=" ">
    <subfield code="a">AGRICULTURAL  STATISTICS</subfield>
  </datafield>
  <datafield tag="250" ind1=" " ind2=" ">
    <subfield code="a">2 ED</subfield>
  </datafield>
  <datafield tag="260" ind1=" " ind2=" ">
    <subfield code="a">MEERUT </subfield>
    <subfield code="b">RAMA PUB</subfield>
    <subfield code="c">25/10/19</subfield>
  </datafield>
  <datafield tag="300" ind1=" " ind2=" ">
    <subfield code="a">121</subfield>
  </datafield>
  <datafield tag="942" ind1=" " ind2=" ">
    <subfield code="2">ddc</subfield>
    <subfield code="c">02</subfield>
  </datafield>
  <datafield tag="999" ind1=" " ind2=" ">
    <subfield code="c">49247</subfield>
    <subfield code="d">49247</subfield>
  </datafield>
  <datafield tag="952" ind1=" " ind2=" ">
    <subfield code="0">0</subfield>
    <subfield code="1">0</subfield>
    <subfield code="2">ddc</subfield>
    <subfield code="4">0</subfield>
    <subfield code="7">0</subfield>
    <subfield code="a">01</subfield>
    <subfield code="b">01</subfield>
    <subfield code="d">2019-10-25</subfield>
    <subfield code="e">RAMA PUB</subfield>
    <subfield code="g">240.00</subfield>
    <subfield code="i">19-20/894</subfield>
    <subfield code="l">1</subfield>
    <subfield code="p">01-B-129686</subfield>
    <subfield code="r">2023-03-16</subfield>
    <subfield code="s">2020-12-05</subfield>
    <subfield code="u">AGRICULTURE</subfield>
    <subfield code="w">2019-10-25</subfield>
    <subfield code="y">02</subfield>
  </datafield>
  <datafield tag="952" ind1=" " ind2=" ">
    <subfield code="0">0</subfield>
    <subfield code="1">0</subfield>
    <subfield code="2">ddc</subfield>
    <subfield code="4">0</subfield>
    <subfield code="7">0</subfield>
    <subfield code="a">01</subfield>
    <subfield code="b">01</subfield>
    <subfield code="d">2019-10-25</subfield>
    <subfield code="e">RAMA PUB</subfield>
    <subfield code="g">240.00</subfield>
    <subfield code="i">19-20/894</subfield>
    <subfield code="p">01-B-129687</subfield>
    <subfield code="r">2019-10-25</subfield>
    <subfield code="u">AGRICULTURE</subfield>
    <subfield code="w">2019-10-25</subfield>
    <subfield code="y">06</subfield>
  </datafield>
  <datafield tag="952" ind1=" " ind2=" ">
    <subfield code="0">0</subfield>
    <subfield code="1">0</subfield>
    <subfield code="2">ddc</subfield>
    <subfield code="4">0</subfield>
    <subfield code="7">0</subfield>
    <subfield code="a">01</subfield>
    <subfield code="b">01</subfield>
    <subfield code="d">2019-10-25</subfield>
    <subfield code="e">RAMA PUB</subfield>
    <subfield code="g">240.00</subfield>
    <subfield code="i">19-20/894</subfield>
    <subfield code="l">1</subfield>
    <subfield code="p">01-B-129688</subfield>
    <subfield code="r">2026-04-23</subfield>
    <subfield code="s">2025-05-05</subfield>
    <subfield code="u">AGRICULTURE</subfield>
    <subfield code="w">2019-10-25</subfield>
    <subfield code="y">02</subfield>
  </datafield>
  <datafield tag="952" ind1=" " ind2=" ">
    <subfield code="0">0</subfield>
    <subfield code="1">0</subfield>
    <subfield code="2">ddc</subfield>
    <subfield code="4">0</subfield>
    <subfield code="7">0</subfield>
    <subfield code="a">01</subfield>
    <subfield code="b">01</subfield>
    <subfield code="d">2019-10-25</subfield>
    <subfield code="e">RAMA PUB</subfield>
    <subfield code="g">240.00</subfield>
    <subfield code="i">19-20/894</subfield>
    <subfield code="l">3</subfield>
    <subfield code="m">1</subfield>
    <subfield code="p">01-B-129689</subfield>
    <subfield code="r">2026-02-16</subfield>
    <subfield code="s">2025-11-28</subfield>
    <subfield code="u">AGRICULTURE</subfield>
    <subfield code="w">2019-10-25</subfield>
    <subfield code="y">02</subfield>
  </datafield>
  <datafield tag="952" ind1=" " ind2=" ">
    <subfield code="0">0</subfield>
    <subfield code="1">0</subfield>
    <subfield code="2">ddc</subfield>
    <subfield code="4">0</subfield>
    <subfield code="7">0</subfield>
    <subfield code="a">01</subfield>
    <subfield code="b">01</subfield>
    <subfield code="d">2019-10-25</subfield>
    <subfield code="e">RAMA PUB</subfield>
    <subfield code="g">240.00</subfield>
    <subfield code="i">19-20/894</subfield>
    <subfield code="l">2</subfield>
    <subfield code="m">2</subfield>
    <subfield code="p">01-B-129690</subfield>
    <subfield code="r">2021-09-16</subfield>
    <subfield code="s">2021-02-13</subfield>
    <subfield code="u">AGRICULTURE</subfield>
    <subfield code="w">2019-10-25</subfield>
    <subfield code="y">02</subfield>
  </datafield>
  <datafield tag="952" ind1=" " ind2=" ">
    <subfield code="0">0</subfield>
    <subfield code="1">0</subfield>
    <subfield code="2">ddc</subfield>
    <subfield code="4">0</subfield>
    <subfield code="7">0</subfield>
    <subfield code="a">01</subfield>
    <subfield code="b">01</subfield>
    <subfield code="d">2019-10-25</subfield>
    <subfield code="e">RAMA PUB</subfield>
    <subfield code="g">240.00</subfield>
    <subfield code="i">19-20/894</subfield>
    <subfield code="l">2</subfield>
    <subfield code="p">01-B-129691</subfield>
    <subfield code="r">2021-03-25</subfield>
    <subfield code="s">2021-01-20</subfield>
    <subfield code="u">AGRICULTURE</subfield>
    <subfield code="w">2019-10-25</subfield>
    <subfield code="y">02</subfield>
  </datafield>
  <datafield tag="952" ind1=" " ind2=" ">
    <subfield code="0">0</subfield>
    <subfield code="1">0</subfield>
    <subfield code="2">ddc</subfield>
    <subfield code="4">0</subfield>
    <subfield code="7">0</subfield>
    <subfield code="a">01</subfield>
    <subfield code="b">01</subfield>
    <subfield code="d">2019-10-25</subfield>
    <subfield code="e">RAMA PUB</subfield>
    <subfield code="g">240.00</subfield>
    <subfield code="i">19-20/894</subfield>
    <subfield code="l">2</subfield>
    <subfield code="m">1</subfield>
    <subfield code="p">01-B-129692</subfield>
    <subfield code="r">2021-03-25</subfield>
    <subfield code="s">2020-12-16</subfield>
    <subfield code="u">AGRICULTURE</subfield>
    <subfield code="w">2019-10-25</subfield>
    <subfield code="y">02</subfield>
  </datafield>
  <datafield tag="952" ind1=" " ind2=" ">
    <subfield code="0">0</subfield>
    <subfield code="1">0</subfield>
    <subfield code="2">ddc</subfield>
    <subfield code="4">0</subfield>
    <subfield code="7">0</subfield>
    <subfield code="a">01</subfield>
    <subfield code="b">01</subfield>
    <subfield code="d">2019-10-25</subfield>
    <subfield code="e">RAMA PUB</subfield>
    <subfield code="g">240.00</subfield>
    <subfield code="i">19-20/894</subfield>
    <subfield code="l">2</subfield>
    <subfield code="m">1</subfield>
    <subfield code="p">01-B-129693</subfield>
    <subfield code="r">2021-03-24</subfield>
    <subfield code="s">2020-12-10</subfield>
    <subfield code="u">AGRICULTURE</subfield>
    <subfield code="w">2019-10-25</subfield>
    <subfield code="y">02</subfield>
  </datafield>
  <datafield tag="952" ind1=" " ind2=" ">
    <subfield code="0">0</subfield>
    <subfield code="1">0</subfield>
    <subfield code="2">ddc</subfield>
    <subfield code="4">0</subfield>
    <subfield code="7">0</subfield>
    <subfield code="a">01</subfield>
    <subfield code="b">01</subfield>
    <subfield code="d">2019-10-25</subfield>
    <subfield code="e">RAMA PUB</subfield>
    <subfield code="g">240.00</subfield>
    <subfield code="i">19-20/894</subfield>
    <subfield code="l">5</subfield>
    <subfield code="p">01-B-129694</subfield>
    <subfield code="r">2026-02-03</subfield>
    <subfield code="s">2025-08-30</subfield>
    <subfield code="u">AGRICULTURE</subfield>
    <subfield code="w">2019-10-25</subfield>
    <subfield code="y">02</subfield>
  </datafield>
  <datafield tag="952" ind1=" " ind2=" ">
    <subfield code="0">0</subfield>
    <subfield code="1">0</subfield>
    <subfield code="2">ddc</subfield>
    <subfield code="4">0</subfield>
    <subfield code="7">0</subfield>
    <subfield code="a">01</subfield>
    <subfield code="b">01</subfield>
    <subfield code="d">2019-10-25</subfield>
    <subfield code="e">RAMA PUB</subfield>
    <subfield code="g">240.00</subfield>
    <subfield code="i">19-20/894</subfield>
    <subfield code="l">1</subfield>
    <subfield code="p">01-B-129695</subfield>
    <subfield code="r">2020-01-20</subfield>
    <subfield code="s">2019-12-04</subfield>
    <subfield code="u">AGRICULTURE</subfield>
    <subfield code="w">2019-10-25</subfield>
    <subfield code="y">02</subfield>
  </datafield>
</record>
